El concepto de educación comparada

Bewaard in:
Bibliografische gegevens
Hoofdauteur: Fuentealba Hernández, Leonardo (Auteur)
Formaat: Boek
Taal:Spaans
Gepubliceerd in: Santiago Nascimiento 1962
Onderwerpen:
Tags: Voeg label toe
Geen labels, Wees de eerste die dit record labelt!

MARC

LEADER 00000nam a2200000 a 4500
001 UCU0367
003 CL-VaPUC
005 20240917113308.0
008 960322e19620000CL |||||||||||||||||spa|d
999 |c 245227  |d 245225 
040 |c Pontificia Universidad Católica de Valparaíso 
082 0 4 |a 370.195  |b FUE  |2 21 
100 0 |a Fuentealba Hernández, Leonardo  |e author  |9 355455 
245 1 3 |a El concepto de educación comparada 
260 |a Santiago  |b Nascimiento  |c 1962 
300 |a 18 p 
583 |a last modification  |c 19960322 00:00:00  |k Rodrigo Vera 
600 0 7 |a JULLIEN, MARC ANTOINE  |2 CL-VaPUC  |9 355456 
600 0 7 |a ARNOLD, MATTHEW  |2 CL-VaPUC  |9 355457 
600 0 7 |a SADLER, MICHAEL  |2 CL-VaPUC  |9 355458 
600 0 7 |a Kandel, Isaac Leon  |d 1881-1965  |9 858668 
600 0 7 |a HANS, NICHOLAS  |2 CL-VaPUC  |9 355460 
600 0 7 |a SCHNEIDER, FRIEDRICH  |2 CL-VaPUC  |9 355461 
600 0 7 |a ROSSELLO, PEDRO  |2 CL-VaPUC  |9 355462 
600 0 7 |a Lauwerys, Joseph A  |d 1902-1981  |9 860138 
650 7 |a EDUCACION COMPARADA  |2 CL-VaPUC  |9 307694 
650 0 |a Filosofía de la educación   |9 258384 
650 0 |a Sistemas educacionales  |9 324695 
852 |a BIBCUR 
942 |c BK  |2 ddc 
945 |d 19960322 00:00:00  |a cmena 
952 |0 0  |1 0  |4 0  |6 370_195000000000000_FUE_1962  |7 0  |8 P  |9 259680  |a BIBEDU  |b BIBEDU  |c BIBEDU_PB  |d 2019-11-19  |i 1633066  |o 370.195 FUE 1962  |p 1633066  |r 2024-01-25  |w 2019-11-19  |y BK  |k EDU